Guess the 1970s song lyrics #359 - Statistics

General Stats
  • This quiz has been taken 17 times
  • The average score is 179 of 289
Answer Stats
Answer % Correct
I
93%
on
93%
the
93%
want
93%
you
93%
And
86%
and
86%
four
86%
go
86%
is
86%
no
86%
One
86%
three
86%
to
86%
two
86%
be
79%
it
79%
me
79%
my
79%
of
79%
oh
79%
Oh
79%
Don't
71%
I'm
71%
in
71%
it's
71%
just
71%
why
71%
day
57%
down
57%
So
57%
with
57%
all
50%
get
50%
let
50%
life
50%
another
43%
Another
43%
But
43%
but
43%
can't
43%
celebrate
43%
Celebrate
43%
That's
43%
time
43%
up
43%
yeah
43%
here
36%
telling
36%
way
36%
Well
36%
away
29%
got
29%
Had
29%
livin
29%
living
29%
other
29%
people
29%
stay
29%
turn
29%
turned
29%
around
21%
every
21%
fine
21%
put
21%
carry
14%
faith
14%
feeling
14%
hand
14%
Said
14%
hate
7%
round
7%
Round
7%
shining
7%
sun
7%
anyhow
0%
bill
0%
bothered
0%
dollar
0%
flew
0%
sorrow
0%
using
0%
No matching quizzes found
Score Distribution
Percent of People with Each Score
Percentile by Number Answered
Your Score History
You have not taken this quiz